| 000 | 01058nam a22002537a 4500 | ||
|---|---|---|---|
| 999 |
_c63800 _d63800 |
||
| 005 | 20240530110659.0 | ||
| 008 | 171225s2015 ua a g b 000 0dara d | ||
| 017 |
_a2014/16574 _bمصر. دار الكتب |
||
| 020 | _a9789777187909 | ||
| 040 |
_aEG-CaGPL _cEG-CaGPL |
||
| 082 | 0 | 4 |
_221 _a808.8\ _bب ك |
| 100 | 1 | _aبراى ، جوليا | |
| 245 | 1 | 2 |
_aالكتابة واشكال التعبير فى اسلام القرون الوسط : _bافاق المسلم / _cتحرير جوليا براى ؛ ترجمة عبدالمقصود عبدالكريم . |
| 250 | _aط.1 | ||
| 260 |
_aالقاهرة : _bالمركز القومى للترجمة ، _c2015 . |
||
| 300 |
_a374 ص. ؛ _c24 سم. |
||
| 490 |
_aالمركز القومى للترجمة ؛ _v2619 |
||
| 650 | 0 | 7 |
_2qrmak _aالكتابة _yالعصور الوسطى |
| 650 | 0 | 7 |
_2qrmak _aالكتابة _xتاريخ _xالاسلام |
| 651 | _2qrmak | ||
| 700 | 0 |
_aعبدالمقصود عبدالكريم _eمترجم |
|
| 942 |
_2ddc _cBK |
||